SUCHNA PRODHYAKI SAMACHAR PATRA (Record no. 5287)

MARC details
000 -LEADER
fixed length control field 00388nam a22001577a 4500
005 - DATE AND TIME OF LATEST TRANSACTION
control field 20161022152613.0
008 - FIXED-LENGTH DATA ELEMENTS--GENERAL INFORMATION
fixed length control field 161022b xxu||||| |||| 00| 0 eng d
020 ## - INTERNATIONAL STANDARD BOOK NUMBER
ISBN 978-81-8361-233-3
041 ## - LANGUAGE CODE
Language code of text/sound track or separate title eng
100 ## - MAIN ENTRY--AUTHOR NAME
Personal name SHUKLA,RAVINDRA
245 ## - TITLE STATEMENT
Title SUCHNA PRODHYAKI SAMACHAR PATRA
260 ## - PUBLICATION, DISTRIBUTION, ETC. (IMPRINT)
Name of publisher RADHA KRISHNAN
300 ## - PHYSICAL DESCRIPTION
Number of Pages 131
650 ## - SUBJECT ADDED ENTRY--TOPICAL TERM
Topical Term MASS COM @JOURNALISM
942 ## - ADDED ENTRY ELEMENTS (KOHA)
Koha item type Books
Holdings
Lost status Damaged status Home library Current library Shelving location Date acquired Source of acquisition Cost, normal purchase price Accession Number Koha item type
    JRU Library   SHELF-31-I 22/10/2016 Purchase 65.00 21383 Books
    JRU Library   SHELF-6-C 22/10/2016 Purchase 65.00 21384 Books
    JRU Library   SHELF-31-I 22/10/2016 Purchase 65.00 21385 Books
    JRU Library   SHELF-32-G 22/10/2016 Purchase 65.00 21386 Books